Sports Quiz

Random Sports Quiz

America's cup winning boats Quiz Stats

 Plays Quiz not verified by Sporcle

Also try: NBA Teams on a Map
Challenge
Share
Tweet
Embed
Score 0/31 Timer 10:00
0 Plays Today
name of boat % Correct
AMERICA
80.6%
STARS AND STRIPES
55.6%
STARS AND STRIPES
55.6%
AUSTRALIA II
47.2%
INTREPID
41.7%
INTREPID
41.7%
COURAGEOUS
41.7%
COURAGEOUS
41.7%
BLACK MAGIC
36.1%
RANGER
30.6%
COLUMBIA
27.8%
COLUMBIA
27.8%
COLUMBIA
27.8%
COLUMBIA
27.8%
FREEDOM
27.8%
AMERICA 3
27.8%
name of boat % Correct
MAGIC
22.2%
RESOLUTE
19.4%
RAINBOW
19.4%
TEAM NEW ZEALAND
19.4%
DEFENDER
13.9%
RELIANCE
13.9%
ENTERPRISE
11.1%
MISCHIEF
8.3%
MAYFLOWER
8.3%
VOLUNTEER
8.3%
VIGILANT
8.3%
CONSTELLATION
8.3%
PURITAN
5.6%
MADELINE
2.8%
WEATHERLEY
2.8%

You're not logged in!

Compare scores with friends on all Sporcle quizzes.
OR
Log In

You Might Also Like...

Show Comments

Extras

Created Dec 20, 2009ReportNominate
Tags:America, boat, cup, winning

Top Quizzes Today


Score Distribution

Your Account Isn't Verified!

In order to create a playlist on Sporcle, you need to verify the email address you used during registration. Go to your Sporcle Settings to finish the process.

Report this User

Report this user for behavior that violates our Community Guidelines.

Details: